000 00287nam a2200121Ia 4500
008 190216s9999||||xx |||||||||||||| ||und||
100 _aFanindranath Choudari
245 0 _aHindi-Bharath Ke Mahan Karnadar
260 _bPravar Prakashan
300 _a55
650 _aHindi
942 _cBK
999 _c16173
_d16173